| 000 | 01324nam0a22002891 4500 | ||
|---|---|---|---|
| 001 | rc\735396 | ||
| 005 | 20260408160217.0 | ||
| 035 | _a(NLR Aleph) 006265517 | ||
| 090 |
_a6894017 _c6894017 |
||
| 100 | _a20040301d1985 |||y0rusy50 ca | ||
| 101 | 0 | _arus | |
| 102 | _aRU | ||
| 105 | _aa z|||||||| | ||
| 200 | 1 |
_aПроблемы повышения эффективности и качества организации и управления транспортной работой _eнаучные труды _fМ-во высш. и сред. спец. образования СССР, Моск. ин-т упр. им. Серго Орджоникидзе _gпод ред. проф. А.И. Малышева |
|
| 210 |
_aМосква _cМИУ _d1985 |
||
| 215 |
_a144 с. _cил. _d21 |
||
| 320 | _aБиблиогр. в конце статей | ||
| 606 |
_aТранспорт _yСССР _jСборники _3RU\NLR\AUTH\66200660 _91261891 |
||
| 686 | 1 | _aУ37(2)я43 | |
| 702 | 1 |
_aМалышев _bА. И. _gАнатолий Иванович _4340 |
|
| 711 | 0 | 2 |
_4475 _aМосковский институт управления им. С. Орджоникидзе _3RU\NLR\AUTH\889968408 _9433193 |
| 801 | 0 |
_aRU _bNLR _gpsbo |
|
| 801 | 1 |
_aRU _bELAR _2rusmarc |
|
| 852 |
_aNLR _j86-3/8171 |
||
| 942 | _cBOOK | ||
| 980 | _aNB | ||